Not a Dog - Statistics

General Stats
  • This quiz has been taken 20 times
  • The average score is 5 of 12
Answer Stats
Picture Hint Answer % Correct
Cynomys Prairie Dog
94%
Squalidae Dogfish
88%
Pteropus Flying Fox
63%
Lycosidae Wolf Spider
63%
Anarhichadidae Wolffish
50%
Bodianus frenchii Foxfish
31%
Pantherophis vulpinus Foxsnake
31%
Sciurus niger Fox Squirrel
31%
Necturus Mudpuppy
31%
Tylosurus crocodilus Houndfish
19%
Buteo rufofuscus Jackal Buzzard
6%
Eriodictyon parryi Poodle-dog Bush
6%
No matching quizzes found
Score Distribution
Percent of People with Each Score
Percentile by Number Answered
Your Score History
You have not taken this quiz